Auditing information systems (Record no. 5631)

MARC details
000 -LEADER
fixed length control field 00471nam a2200157Ia 4500
003 - CONTROL NUMBER IDENTIFIER
control field SGT
082 ## - DEWEY DECIMAL CLASSIFICATION NUMBER
Classification number 658.0558
Item number CHA
100 ## - MAIN ENTRY--PERSONAL NAME
Personal name Champlain, Jack J
245 ## - TITLE STATEMENT
Title Auditing information systems
250 ## - EDITION STATEMENT
Edition statement co2nd Ed.
260 ## - PUBLICATION, DISTRIBUTION, ETC. (IMPRINT)
Name of publisher, distributor, etc John Wiley & Sons
Place of publication, distribution, etc New York
Year of Publication 2003
300 ## - PAGE DESCRIPTION
No. of Pages 184p.
650 ## - SUBJECT ADDED ENTRY--TOPICAL TERM
Topical term or geographic name as entry element MANAGEMENT
653 ## - KEYWORDS--INDEX TERM
Keyword term CORE CONECEPTS, STANDARD INFORMATION SYSTEMS AUDIT APPROACH,PHYSICAL SECURITY,LOGICAL SECURITY,INFORMATION SYSTEMS OPERATIONS
942 ## - ADDED ENTRY ELEMENTS (KOHA)
Source of classification or shelving scheme Dewey Decimal Classification
Koha item type Books
Holdings
Withdrawn status Lost status Source of classification or shelving scheme Damaged status Use restrictions Not for loan Home library Current library Shelving location Date acquired SGTU Full call number Accession No. (Barcode) Date last seen Bill Date Koha item type
    Dewey Decimal Classification   Restricted Access   SGT Engineering Library SGT Engineering Library Reference Book 17/09/2013 SGTU 658.0558 CHA FE6184 09/02/2015 09/02/2015 Books